000 01246nam0a2200301 i 4500
001 RU\NLR\bibl\1984090
005 20260405212124.0
010 _a9785386048570
_97848
021 _aRU
_b2012-95646
_97082
035 _a(NLR Aleph) 001972738
090 _a3978475
_c3978475
100 _a20121229d2012 u y0rusy50 ca
101 1 _arus
_cnor
102 _aRU
105 _aa |||||||||
200 1 _aВолшебные сказки Норвегии
_e[для детей до трех лет]
_fхудож. Теодор Киттельсен
_g[сост. Е. Рачинская
_gпод общ. ред. Е. Рачинской
210 _aМосква
_cРИПОЛ классик
_cКомсомольская правда
_d2012
215 _a33, [3] с.
_cил., цв. ил.
_d29
225 1 _aЗолотая коллекция для детей
_v23
686 _aШ9(4Нр)4-2
702 1 _4220
_7ca
_8rus
_aРачинская
_bЕ. С.
_f1970-
_gЕлена Степановна
_978149
_3RU\NLR\auth\7795223
702 1 _aКиттельсен
_bТ.
_gТеодор
_4040
801 0 _aRU
_bNLR
_c20121229
_gRCR
801 1 _aRU
_bNLR
_c20121229
942 _cBOOK
980 _aNBR